[Event "Titled Tuesday intern op 23rd Jan Late"]
[Site "Chess.com INT"]
[Date "2024.01.23"]
[Round "3"]
[White "Perez, Flavio"]
[Black "Martinez Pla, Xavier"]
[Result "1/2-1/2"]
[WhiteElo "2266"]
[BlackElo "2251"]
[PlyCount "103"]
[EventDate "2024.01.23"]
[EventType "swiss (blitz)"]
[EventRounds "11"]
[EventCountry "USA"]
[SourceTitle "CB05_2024"]
[SourceDate "2024.01.31"]
[SourceVersion "1"]
[SourceVersionDate "2024.01.31"]
[SourceQuality "1"]

1. e4 c5 2. Nc3 e6 3. g3 a6 4. Bg2 b5 5. d3 Bb7 6. f4 d5 7. Qe2 b4 8. Nb1 Nf6 9. Nd2 Be7 10. Ngf3 Nc6 11. 0-0 Qb6 12. Kh1 a5 13. h3 Rd8 14. e5 Nd7 15. g4 g6 16. Re1 h5 17. Nh2 Nd4 18. Qd1 Rc8 19. c3 Nb5 20. c4 Nd4 21. Ndf3 hxg4 22. hxg4 Nxf3 23. Bxf3 dxc4 24. dxc4 Bh4 25. Rg1 Rd8 26. Qe2 Nb8 27. Kg2 Be7 28. Be3 Nc6 29. Rh1 Kd7 30. Nf1 Kc7 31. Ng3 Bh4 32. Ne4 Be7 33. Rxh8 Rxh8 34. g5 a4 35. Rd1 Rd8 36. Rxd8 Kxd8 37. Qd1+ Nd4 38. Bxd4 cxd4 39. Qxa4 Bc6 40. Qd1 Bc5 41. Qd3 Bxe4 42. Qxe4 Qc7 43. Kf1 Qd7 44. Ke2 Qa4 45. Qa8+ Qxa8 46. Bxa8 Kd7 47. Kd3 Kc7 48. Be4 Kb6 49. Bf3 Kc7 50. Be4 Kb6 51. Bf3 Kc7 52. Be4 1/2-1/2

[Event "Titled Tuesday intern op 21st Dec"]
[Site "Chess.com INT"]
[Date "2021.12.21"]
[Round "9"]
[White "Brunner, Nicolas"]
[Black "Perez, Flavio"]
[Result "1-0"]
[WhiteElo "2415"]
[BlackElo "2272"]
[PlyCount "83"]
[EventDate "2021.12.21"]
[EventType "swiss (blitz)"]
[EventRounds "11"]
[EventCountry "USA"]
[SourceTitle "CBM 205 Extra"]
[Source "ChessBase"]
[SourceDate "2022.01.31"]
[SourceVersion "1"]
[SourceVersionDate "2022.01.31"]
[SourceQuality "1"]

1. d4 d5 2. c4 c6 3. Nf3 Nf6 4. e3 e6 5. Nbd2 c5 6. b3 Nc6 7. Bb2 Be7 8. Bd3 0-0 9. 0-0 Nb4 10. Bb1 a5 11. a3 Na6 12. Bd3 b6 13. Rc1 Bb7 14. Ne5 Rc8 15. f4 Nc7 16. Bb1 dxc4 17. bxc4 cxd4 18. exd4 b5 19. c5 Ncd5 20. Qf3 Ba8 21. Qh3 g6 22. Qb3 b4 23. a4 Nd7 24. Ndc4 f6 25. Nd3 Nb8 26. Rce1 Nc7 27. Nb6 Bd5 28. Nxd5 exd5 29. f5 g5 30. Ba2 Nc6 31. Re3 Kg7 32. Rfe1 Re8 33. Qd1 Qd7 34. g4 h5 35. h3 hxg4 36. hxg4 Rh8 37. Ne5 fxe5 38. dxe5 Bxc5 39. e6+ Kh7 40. exd7 Bxe3+ 41. Rxe3 Rcd8 42. Bxh8 1-0

[Event "Titled Tuesday intern op 21st Dec"]
[Site "Chess.com INT"]
[Date "2021.12.21"]
[Round "5"]
[White "Dolzhikova, Kateryna"]
[Black "Perez, Flavio"]
[Result "0-1"]
[WhiteElo "2161"]
[BlackElo "2272"]
[PlyCount "50"]
[EventDate "2021.12.21"]
[EventType "swiss (blitz)"]
[EventRounds "11"]
[EventCountry "USA"]
[SourceTitle "CBM 205 Extra"]
[Source "ChessBase"]
[SourceDate "2022.01.31"]
[SourceVersion "1"]
[SourceVersionDate "2022.01.31"]
[SourceQuality "1"]

1. Nf3 d5 2. c4 c6 3. g3 Nf6 4. Bg2 Bg4 5. 0-0 Bxf3 6. Bxf3 e6 7. b3 Nbd7 8. Bb2 Bd6 9. d3 h5 10. Re1 h4 11. e4 hxg3 12. hxg3 Qc7 13. Kg2 Rh6 14. Nc3 Rg6 15. Ne2 Ne5 16. Bxe5 Bxe5 17. exd5 Bxa1 18. Qxa1 0-0-0 19. dxc6 bxc6 20. Nd4 Ng4 21. Nxc6 Rxd3 22. Bxg4 Qxc6+ 23. Kh3 Rh6+ 24. Bh5 Rxh5+ 25. Kg4 Qf3# 0-1

[Event "Titled Tuesday intern op 21st Dec"]
[Site "Chess.com INT"]
[Date "2021.12.21"]
[Round "2"]
[White "Perez, Flavio"]
[Black "Bethke, Richard"]
[Result "0-1"]
[WhiteElo "2272"]
[BlackElo "2327"]
[PlyCount "110"]
[EventDate "2021.12.21"]
[EventType "swiss (blitz)"]
[EventRounds "11"]
[EventCountry "USA"]
[SourceTitle "CBM 205 Extra"]
[Source "ChessBase"]
[SourceDate "2022.01.31"]
[SourceVersion "1"]
[SourceVersionDate "2022.01.31"]
[SourceQuality "1"]

1. e4 c5 2. Nc3 Nc6 3. g3 g6 4. Bg2 Bg7 5. d3 e6 6. Be3 b6 7. Qd2 Nge7 8. Bh6 Bxh6 9. Qxh6 Ng8 10. Qg7 Qf6 11. Qxf6 Nxf6 12. f4 Bb7 13. e5 Ng4 14. Nb5 Ke7 15. Nd6 Rab8 16. Kd2 Nf2 17. Nh3 Nxh1 18. Bxh1 Ba8 19. Ng5 Nd8 20. Bxa8 Rxa8 21. Nge4 Rb8 22. h4 Nb7 23. Nxb7 Rxb7 24. g4 h5 25. g5 Rd8 26. Nd6 Rc7 27. c4 Rc6 28. Ne4 a6 29. a4 Rb8 30. b3 b5 31. axb5 axb5 32. Kc3 bxc4 33. bxc4 Rb7 34. Nd6 Rxd6 35. exd6+ Kxd6 36. Ra6+ Ke7 37. Ra5 d6 38. Ra6 Rb1 39. Ra7+ Kf8 40. Ra8+ Kg7 41. Rd8 Rf1 42. Rxd6 Rxf4 43. Rc6 Rxh4 44. Rxc5 Rg4 45. Re5 h4 46. c5 Rg1 47. Kd2 h3 48. c6 h2 49. c7 h1Q 50. c8Q Rd1+ 51. Ke3 Qg1+ 52. Ke4 Re1+ 53. Kf4 Qf2+ 54. Kg4 Rg1+ 55. Kh3 Qg3# 0-1

[Event "Titled Tuesday intern op 05th Oct"]
[Site "Chess.com INT"]
[Date "2021.10.05"]
[Round "4"]
[White "Perez, Flavio"]
[Black "Spitzl, Vinzent"]
[Result "1-0"]
[WhiteElo "2287"]
[BlackElo "2329"]
[PlyCount "105"]
[EventDate "2021.10.05"]
[EventType "swiss (blitz)"]
[EventRounds "11"]
[EventCountry "USA"]
[SourceTitle "CBM 204 Extra"]
[Source "ChessBase"]
[SourceDate "2021.11.30"]
[SourceVersion "1"]
[SourceVersionDate "2021.11.30"]
[SourceQuality "1"]

1. e4 c5 2. Nc3 Nc6 3. g3 g6 4. Bg2 Bg7 5. d3 d6 6. Be3 Nf6 7. h3 0-0 8. Qd2 Bd7 9. Bh6 a6 10. Bxg7 Kxg7 11. f4 b5 12. Nf3 b4 13. Ne2 e6 14. 0-0 Qe7 15. g4 e5 16. f5 Ne8 17. g5 f6 18. h4 gxf5 19. exf5 Kh8 20. g6 hxg6 21. fxg6 Qg7 22. h5 Rc8 23. Ng3 Nd4 24. Nh4 f5 25. h6 Qf6 26. g7+ Nxg7 27. hxg7+ Qxg7 28. Nh5 Qh7 29. Qg5 Rg8 30. Qf6+ Rg7 31. Nxg7 Qxg7 32. Qxg7+ Kxg7 33. c3 Nc2 34. Rac1 Ne3 35. Rf3 f4 36. Rxe3 fxe3 37. Re1 bxc3 38. bxc3 Rb8 39. Rxe3 Rb1+ 40. Kf2 Rb2+ 41. Re2 Rb1 42. Be4 Be6 43. Nf5+ Kf6 44. Nxd6 a5 45. Nb7 c4 46. Nxa5 cxd3 47. Bxd3 Ra1 48. Nc4 Bd5 49. Nxe5 Rxa2 50. Nd7+ Kf7 51. Bc2 Ra3 52. Ne5+ Kf6 53. c4 1-0

[Event "Titled Tuesday intern op 18th May"]
[Site "Chess.com INT"]
[Date "2021.05.18"]
[Round "5"]
[White "Chiku Ratte, Olivier Kenta"]
[Black "Perez, Flavio"]
[Result "1-0"]
[WhiteElo "2377"]
[BlackElo "2287"]
[PlyCount "87"]
[EventDate "2021.05.18"]
[EventType "swiss (blitz)"]
[EventRounds "11"]
[EventCountry "USA"]
[SourceTitle "CBM 202 Extra"]
[Source "ChessBase"]
[SourceDate "2021.07.31"]
[SourceVersion "1"]
[SourceVersionDate "2021.07.31"]
[SourceQuality "1"]

1. d4 d5 2. c4 c6 3. Nf3 Nf6 4. e3 Bg4 5. Nc3 e6 6. h3 Bh5 7. Bd2 Bb4 8. Bd3 0-0 9. 0-0 dxc4 10. Bxc4 c5 11. a3 cxd4 12. axb4 dxc3 13. Bxc3 Qxd1 14. Rfxd1 Bxf3 15. gxf3 Nc6 16. b5 Nb8 17. Bd4 a6 18. Ra5 Nfd7 19. bxa6 Nc6 20. Ra3 bxa6 21. Rxa6 Rxa6 22. Bxa6 Nde5 23. Bxe5 Nxe5 24. f4 Nf3+ 25. Kf1 h5 26. Be2 Nh4 27. Bxh5 Rb8 28. Rd2 g6 29. Bg4 Kg7 30. Bd1 Nf5 31. b3 Rh8 32. Bg4 Ne7 33. Rd7 Kf6 34. e4 Re8 35. b4 e5 36. Rd6+ Kg7 37. fxe5 Ng8 38. e6 fxe6 39. Bxe6 Rb8 40. Bxg8 Kxg8 41. Rxg6+ Kf7 42. Rg4 Rxb4 43. Kg2 Kf6 44. e5+ 1-0

[Event "Titled Tuesday intern op 18th May"]
[Site "Chess.com INT"]
[Date "2021.05.18"]
[Round "1"]
[White "Trost, Edvin"]
[Black "Perez, Flavio"]
[Result "0-1"]
[WhiteElo "2184"]
[BlackElo "2287"]
[PlyCount "65"]
[EventDate "2021.05.18"]
[EventType "swiss (blitz)"]
[EventRounds "11"]
[EventCountry "USA"]
[SourceTitle "CBM 202 Extra"]
[Source "ChessBase"]
[SourceDate "2021.07.31"]
[SourceVersion "1"]
[SourceVersionDate "2021.07.31"]
[SourceQuality "1"]

1. c4 e5 2. Nc3 Nc6 3. g3 g6 4. Bg2 Bg7 5. e3 d6 6. Nge2 Be6 7. d4 Bxc4 8. Qa4 d5 9. dxe5 Bxe5 10. b3 Bxe2 11. Bb2 Ba6 12. 0-0-0 Nge7 13. b4 Bc4 14. b5 Nb8 15. Qxc4 dxc4 16. Rxd8+ Kxd8 17. Bxb7 c6 18. Bxa8 cxb5 19. Nxb5 Bxb2+ 20. Kxb2 Nbc6 21. Bxc6 Nxc6 22. Rc1 Ne5 23. Nd6 Ke7 24. Rd1 Rd8 25. f4 Nd3+ 26. Kc3 Rxd6 27. e4 Nf2 28. Rb1 Nxe4+ 29. Kc2 c3 30. Kc1 f5 31. Rb7+ Kf6 32. Rb5 Rd2 33. Rb2 0-1

[Event "Titled Tuesday intern op 27th Apr"]
[Site "Chess.com INT"]
[Date "2021.04.27"]
[Round "6"]
[White "Bogumil, Tatiana"]
[Black "Perez, Flavio"]
[Result "0-1"]
[WhiteElo "2182"]
[BlackElo "2287"]
[PlyCount "82"]
[EventDate "2021.04.27"]
[EventType "swiss (blitz)"]
[EventRounds "11"]
[EventCountry "USA"]
[SourceTitle "CBM 202 Extra"]
[Source "ChessBase"]
[SourceDate "2021.07.31"]
[SourceVersion "1"]
[SourceVersionDate "2021.07.31"]
[SourceQuality "1"]

1. Nf3 d5 2. c4 c6 3. b3 Nf6 4. Bb2 Bg4 5. e3 Nbd7 6. Be2 e6 7. 0-0 Bd6 8. h3 Bh5 9. d4 Bxf3 10. Bxf3 0-0 11. Nc3 Re8 12. e4 dxe4 13. Nxe4 Nxe4 14. Bxe4 Nf6 15. Bf3 e5 16. dxe5 Bxe5 17. Bxe5 Rxe5 18. Qxd8+ Rxd8 19. Rad1 Ree8 20. g4 h6 21. Kg2 g5 22. Rxd8 Rxd8 23. Rd1 Rxd1 24. Bxd1 Ne4 25. Bc2 Nc3 26. a3 Ne2 27. Bd1 Nf4+ 28. Kg3 Kg7 29. h4 Kf6 30. hxg5+ hxg5 31. Kf3 Ke5 32. Ke3 c5 33. Bf3 b6 34. Bb7 a5 35. Bc6 f6 36. f3 Ng2+ 37. Kf2 Nf4 38. Ke3 Ne6 39. Ba4 Nd4 40. b4 axb4 41. axb4 cxb4 0-1

[Event "Titled Tuesday intern op 27th Apr"]
[Site "Chess.com INT"]
[Date "2021.04.27"]
[Round "11"]
[White "Kairbekova, Amina"]
[Black "Perez, Flavio"]
[Result "1-0"]
[WhiteElo "2132"]
[BlackElo "2287"]
[PlyCount "101"]
[EventDate "2021.04.27"]
[EventType "swiss (blitz)"]
[EventRounds "11"]
[EventCountry "USA"]
[SourceTitle "CBM 202 Extra"]
[Source "ChessBase"]
[SourceDate "2021.07.31"]
[SourceVersion "1"]
[SourceVersionDate "2021.07.31"]
[SourceQuality "1"]

1. e4 c5 2. Nc3 Nc6 3. Bb5 Nd4 4. Nf3 g6 5. Ba4 Bg7 6. 0-0 e6 7. Nxd4 cxd4 8. Nb5 Qb6 9. c3 d3 10. Qf3 a6 11. Na3 Qa5 12. Bb3 Nf6 13. Qxd3 0-0 14. Qe2 b5 15. e5 Ne8 16. d4 Bb7 17. Nc2 d6 18. f4 Rd8 19. Be3 Nc7 20. Nb4 h5 21. Nd3 Nd5 22. exd6 Nxe3 23. Qxe3 Rxd6 24. Nc5 Ba8 25. Ne4 Rdd8 26. Ng5 Qb6 27. Bc2 b4 28. Kh1 bxc3 29. bxc3 Qc6 30. Be4 Qc7 31. Bxa8 Rxa8 32. Rac1 Rac8 33. c4 Qa5 34. Nxe6 fxe6 35. Qxe6+ Kh7 36. d5 Rce8 37. Qd7 Qxa2 38. f5 Re2 39. fxg6+ Kh6 40. Rxf8 Rxg2 41. Rh8+ Bxh8 42. Qh7+ Kg5 43. Qe7+ Kxg6 44. Qe4+ Kh6 45. Qxg2 Qxg2+ 46. Kxg2 Be5 47. Rd1 Bd6 48. h4 a5 49. Kf3 a4 50. Ke4 a3 51. Kf5 1-0

[Event "Titled Tuesday intern op 27th Apr"]
[Site "Chess.com INT"]
[Date "2021.04.27"]
[Round "2"]
[White "Perez, Flavio"]
[Black "Aslanov, Umid Fuad"]
[Result "1-0"]
[WhiteElo "2287"]
[BlackElo "2019"]
[PlyCount "69"]
[EventDate "2021.04.27"]
[EventType "swiss (blitz)"]
[EventRounds "11"]
[EventCountry "USA"]
[SourceTitle "CBM 202 Extra"]
[Source "ChessBase"]
[SourceDate "2021.07.31"]
[SourceVersion "1"]
[SourceVersionDate "2021.07.31"]
[SourceQuality "1"]

1. e4 c5 2. Nc3 d6 3. g3 g6 4. Bg2 Bg7 5. d3 Nc6 6. Be3 e6 7. Qd2 Rb8 8. Nge2 Nge7 9. Bh6 0-0 10. h4 Nd4 11. Bxg7 Kxg7 12. h5 Rh8 13. h6+ Kf8 14. Nxd4 cxd4 15. Ne2 Nc6 16. c3 Qf6 17. cxd4 Nxd4 18. Qc3 e5 19. Qc7 Ra8 20. Nxd4 exd4 21. Rc1 Bg4 22. Qxb7 Re8 23. Qxa7 Bf3 24. 0-0 Bxg2 25. Kxg2 g5 26. Rc4 Qxh6 27. Rh1 Qf6 28. Rxd4 g4 29. Rc1 h5 30. Qb6 Rd8 31. Rd5 h4 32. Rf5 Qh6 33. Qxd8+ Kg7 34. Qxh4 Qxc1 35. Qf6+ 1-0

[Event "Titled Tuesday intern op 27th Apr"]
[Site "Chess.com INT"]
[Date "2021.04.27"]
[Round "3"]
[White "Vazquez, Facundo"]
[Black "Perez, Flavio"]
[Result "1-0"]
[WhiteElo "2199"]
[BlackElo "2287"]
[PlyCount "79"]
[EventDate "2021.04.27"]
[EventType "swiss (blitz)"]
[EventRounds "11"]
[EventCountry "USA"]
[SourceTitle "CBM 202 Extra"]
[Source "ChessBase"]
[SourceDate "2021.07.31"]
[SourceVersion "1"]
[SourceVersionDate "2021.07.31"]
[SourceQuality "1"]

1. d4 g6 2. c4 Bg7 3. Nc3 d6 4. g3 Nd7 5. Bg2 e5 6. Nf3 Ngf6 7. 0-0 0-0 8. e4 c6 9. h3 Qa5 10. Be3 exd4 11. Nxd4 Ne5 12. Qe2 Re8 13. a3 Be6 14. Nxe6 Rxe6 15. b4 Qc7 16. Rad1 a5 17. f4 Ned7 18. Bd4 axb4 19. axb4 Ra3 20. Qb2 Ra8 21. Kh2 Nh5 22. Bxg7 Nxg7 23. Rd2 Nb6 24. Qb3 Kh8 25. Rfd1 h5 26. c5 Nc8 27. e5 dxe5 28. Rd8+ Kh7 29. Ne4 exf4 30. Ng5+ Kh6 31. h4 fxg3+ 32. Kh1 Nb6 33. cxb6 Qf4 34. Nxe6 Qxh4+ 35. Kg1 Rxd8 36. Nxd8 Nf5 37. Nxf7+ Kg7 38. Ne5 Qh2+ 39. Kf1 Ne3+ 40. Qxe3 1-0

[Event "Gibraltar Masters 16th"]
[Site "Caleta"]
[Date "2018.01.29"]
[Round "7"]
[White "Swayams, Mishra"]
[Black "Perez, Flavio"]
[Result "1/2-1/2"]
[WhiteElo "2432"]
[BlackElo "2279"]
[PlyCount "64"]
[EventDate "2018.01.23"]
[EventType "swiss"]
[EventRounds "10"]
[EventCountry "GGB"]
[SourceTitle "CBM 183"]
[Source "ChessBase"]
[SourceDate "2018.03.14"]
[SourceVersion "1"]
[SourceVersionDate "2018.03.14"]
[SourceQuality "1"]

1. d4 g6 2. c4 Bg7 3. Nc3 d6 4. Nf3 Nd7 5. e4 e5 6. Be2 Ngf6 7. 0-0 0-0 8. Be3 c6 9. d5 c5 10. Ne1 Kh8 11. Nd3 Ng8 12. b4 b6 13. Nb5 Qe7 14. Rb1 a6 15. Nc3 f5 16. f3 h5 17. exf5 gxf5 18. Qd2 Qf6 19. Bg5 Qg6 20. Nf2 Ngf6 21. Qc1 Nh7 22. Bd2 Rg8 23. Kh1 h4 24. Rg1 Ndf6 25. g3 hxg3 26. Rxg3 Qe8 27. bxc5 bxc5 28. Qc2 Ra7 29. Rbg1 Bf8 30. Rxg8+ Nxg8 31. Qa4 Qxa4 32. Nxa4 Rb7 1/2-1/2

[Event "Gibraltar Masters 16th"]
[Site "Caleta"]
[Date "2018.01.23"]
[Round "1"]
[White "Perez, Flavio"]
[Black "Oparin, Grigoriy"]
[Result "0-1"]
[WhiteElo "2279"]
[BlackElo "2607"]
[PlyCount "30"]
[EventDate "2018.01.23"]
[EventType "swiss"]
[EventRounds "10"]
[EventCountry "GGB"]
[SourceTitle "CBM 183"]
[Source "ChessBase"]
[SourceDate "2018.03.14"]
[SourceVersion "1"]
[SourceVersionDate "2018.03.14"]
[SourceQuality "1"]

1. e4 e5 2. Nf3 Nc6 3. Bc4 Nf6 4. d3 Be7 5. 0-0 0-0 6. Nc3 d6 7. a3 Bg4 8. Be3 Kh8 9. h3 Bh5 10. g4 Nxg4 11. hxg4 Bxg4 12. Nb1 Qd7 13. Nbd2 f5 14. exf5 d5 15. Bb3 Rxf5 0-1

[Event "PRO League Central"]
[Site "Chess.com INT"]
[Date "2017.01.11"]
[Round "1"]
[White "Beerdsen, Thomas"]
[Black "Perez, Flavio"]
[Result "0-1"]
[WhiteElo "2413"]
[BlackElo "2304"]
[PlyCount "120"]
[EventDate "2017.01.11"]
[EventType "team-swiss (rapid)"]
[EventRounds "7"]
[EventCountry "USA"]
[SourceTitle "CBM 176 Extra"]
[Source "ChessBase"]
[SourceDate "2017.03.02"]
[SourceVersion "1"]
[SourceVersionDate "2017.03.02"]
[SourceQuality "1"]
[WhiteTeam "Apeldoorn Apes"]
[BlackTeam "Cannes Blockbusters"]
[WhiteTeamCountry "NED"]
[BlackTeamCountry "FRA"]

1. e4 c5 2. Nf3 e6 3. d4 cxd4 4. Nxd4 Nc6 5. Nc3 Qc7 6. Qd3 Nf6 7. Ndb5 Qb8 8. Qg3 d6 9. Be3 a6 10. Nd4 Ne5 11. h3 Qc7 12. f4 Ned7 13. Bd3 b5 14. 0-0 Bb7 15. a3 h5 16. Rae1 h4 17. Qf2 Be7 18. Nf3 Nc5 19. e5 Nfd7 20. Bd4 d5 21. f5 Qc6 22. b4 Nxd3 23. cxd3 exf5 24. e6 fxe6 25. Qe3 0-0 26. Qxe6+ Qxe6 27. Rxe6 Rf7 28. Rfe1 Bd8 29. Re8+ Rf8 30. R8e6 Rc8 31. Ne2 a5 32. Nf4 axb4 33. axb4 Rf7 34. Re8+ Nf8 35. Ne5 Bf6 36. Nxf7 Bxd4+ 37. Kh1 Rxe8 38. Rxe8 Kxf7 39. Rxf8+ Kxf8 40. Ne6+ Kf7 41. Nxd4 Kf6 42. Nxb5 Ba6 43. Nc7 Bxd3 44. Nxd5+ Ke5 45. Ne7 g5 46. Kg1 Bb5 47. Kf2 Bd7 48. Ng8 Ke6 49. g3 Kf7 50. gxh4 gxh4 51. Nh6+ Kg7 52. Nxf5+ Bxf5 53. Kf3 Kg6 54. b5 Bc8 55. Kf4 Kh5 56. b6 Bb7 57. Kf5 Ba8 58. Kf6 Bg2 59. Ke5 Kg5 60. Kd4 Kf4 0-1

[Event "Reykjavik op"]
[Site "Reykjavik"]
[Date "2012.03.11"]
[Round "7"]
[White "Thomassen, Joachim"]
[Black "Perez, Flavio"]
[Result "0-1"]
[WhiteElo "2400"]
[BlackElo "2269"]
[PlyCount "52"]
[EventDate "2012.03.06"]
[EventType "swiss"]
[EventRounds "9"]
[EventCountry "ISL"]
[SourceTitle "CBM 147 Extra"]
[Source "ChessBase"]
[SourceDate "2012.04.24"]
[SourceVersion "1"]
[SourceVersionDate "2012.04.24"]
[SourceQuality "1"]

1. e4 c5 2. Nf3 e6 3. d4 cxd4 4. Nxd4 Nc6 5. Nc3 Qc7 6. Be2 a6 7. Be3 Nf6 8. a3 Be7 9. f4 d6 10. Qd2 0-0 11. 0-0-0 Nxd4 12. Qxd4 Nd7 13. g4 b5 14. g5 Bb7 15. f5 exf5 16. exf5 Bxh1 17. Rxh1 Rac8 18. f6 Nxf6 19. Bd3 Qc6 20. Rg1 Nd7 21. Nd5 Bd8 22. Nf6+ Bxf6 23. gxf6 g6 24. Qh4 Qf3 25. Bd4 Qxd3 26. c3 Nc5 0-1

[Event "Reykjavik op"]
[Site "Reykjavik"]
[Date "2012.03.08"]
[Round "3"]
[White "Steingrimsson, Hedinn"]
[Black "Perez, Flavio"]
[Result "1-0"]
[WhiteElo "2556"]
[BlackElo "2269"]
[PlyCount "41"]
[EventDate "2012.03.06"]
[EventType "swiss"]
[EventRounds "9"]
[EventCountry "ISL"]
[SourceTitle "CBM 147 Extra"]
[Source "ChessBase"]
[SourceDate "2012.04.24"]
[SourceVersion "1"]
[SourceVersionDate "2012.04.24"]
[SourceQuality "1"]

1. d4 d5 2. c4 c6 3. Nf3 Nf6 4. e3 e6 5. Bd3 Nbd7 6. 0-0 Bd6 7. Nc3 0-0 8. e4 dxe4 9. Nxe4 Nxe4 10. Bxe4 h6 11. Bc2 b6 12. Qd3 f5 13. Re1 Qf6 14. c5 bxc5 15. Rxe6 Qxe6 16. Bb3 Nb6 17. Bxe6+ Bxe6 18. dxc5 Bxc5 19. Qc3 Rad8 20. Bxh6 gxh6 21. Qxc5 1-0